Обзор на сбирка "Документи" от български и чужд произход в колекция "България и славянския свят" на НИМ (Запис номер 539868)
[ съкратено ]
| 000 -Лидер | |
|---|---|
| Лидер | 01713aaa a2200301 a 4500 |
| 003 - Код на организацията, давaща контролен номер | |
| Код на организацията, даваща контролен номер | BLK |
| 005 - Дата и час на последна редакция | |
| Дата и час на последна редакция | 20250609155122.0 |
| 007 - Фиксирано поле за физическо описани | |
| Физическо описание | ta |
| 008 - Елементи от данни с фиксирана дължина | |
| Елементи с фиксирана дължина | 221104b bu |||||r|||| 00| | bu d |
| 040 ## - Източник на каталожния запис | |
| Код на библиотеката | BLK |
| 041 ## - Код за език | |
| Език | Български |
| Език за КДБФ | Български |
| 080 ## - УДК | |
| УДК текст | България (1878-1885) |
| УДК код | 94(497.2)"1878/1885" |
| УДК – код + определител | 94(497.2)"1878/1885" |
| 100 ## - Редна дума - Автор | |
| R(LIN) | 346515 |
| Автор | Кочанков, Николай Димитров |
| 245 ## - Сведения за заглавието | |
| Заглавие | Обзор на сбирка "Документи" от български и чужд произход в колекция "България и славянския свят" на НИМ |
| Подзаглавни данни | Ч. 2. (От Освобождението до 1944 г.) |
| Авторска отговорност | Николай Кочанков |
| 300 ## - Физическа характеристика | |
| Брой страници | т. ХХХVІІ, с. 205-242 |
| 500 ## - Общи забележки | |
| Обща забележка | Текст и на англ. ез. |
| 520 ## - Забележка за наличие на резюме, анотация и т.н | |
| Анотация, рецензия | с. 210 - документи за Българо-македонския централен революционен комитет "Искра", основан в Русе през 1885 г.; с. 212-213 - документи за посрещането на граф Игнатиев в Русе през 1902 г.; с. 221 - документи за Симеон Ванков |
| 653 ## - Ключова дума – ненормативна | |
| 9 (RLIN) | 185390 |
| Ключови думи | документи |
| 653 ## - Ключова дума – ненормативна | |
| 9 (RLIN) | 191868 |
| Ключови думи | Национален исторически музей |
| 653 ## - Ключова дума – ненормативна | |
| 9 (RLIN) | 188913 |
| Ключови думи | комитети |
| 653 ## - Ключова дума – ненормативна | |
| 9 (RLIN) | 196578 |
| Ключови думи | Симеон Ванков |
| 653 ## - Ключова дума – ненормативна | |
| 9 (RLIN) | 192269 |
| Ключови думи | Николай Игнатиев |
| 773 0# - Описание на основна библиографска единица при аналитични записи (многотомни) | |
| Заглавие на източника | Известия на Националния исторически музей |
| Международен стандартен номер на серията ISSN | 1311-5219 |
| Контролен номер на записа | 290640 |
| Информация за връзката | . // |
| 856 ## - Електронен адрес и достъп | |
| Инструкция (цена за достъп) | 0.00 |
| Права за достъп | disable |
| 942 ## - АРТИКУЛИ | |
| Източник на класификационната схема | Universal Decimal Classification |
| Вид на библиотечния документ | Книги |
| Скрит в OPAC | Не |
| Периодичен библиозапис | Да |
| 944 ## - СЪЗДАВАНЕ И РЕДАКЦИЯ на ЗАПИСА | |
| Дата на регистрацията/редакция | Валя Йорданова |
| Служител, извършил регистрацията/редакцията | 30558 |
| Номер на служител | Валя Йорданова |
| 999 ## - СИСТЕМНИ КОНТРОЛНИ НОМЕРА | |
| Koha biblionumber | 539868 |
| Koha biblioitemnumber | 539868 |
| 999 ## - СИСТЕМНИ КОНТРОЛНИ НОМЕРА | |
| Koha biblioitemnumber | 539868 |
Няма налични копия.